Neutron stars 1 (Record no. 16367)

MARC details
000 -LEADER
fixed length control field 00788nam a2200229Ia 4500
003 - CONTROL NUMBER IDENTIFIER
control field IN-BaIIA
008 - FIXED-LENGTH DATA ELEMENTS--GENERAL INFORMATION
fixed length control field 211028s9999 xx 000 0 eng d
020 ## - INTERNATIONAL STANDARD BOOK NUMBER
International Standard Book Number 0-387-33543-9
040 ## - CATALOGING SOURCE
Transcribing agency IIA Library
080 ## - UNIVERSAL DECIMAL CLASSIFICATION NUMBER
Universal Decimal Classification number 52(082.1)
Item number ASS-326
245 #0 - TITLE STATEMENT
Title Neutron stars 1
Remainder of title equation of state and structure
Statement of responsibility, etc. edited by P. Haensel, A.Y. Potekhin and D. G. Yakovlev
260 ## - PUBLICATION, DISTRIBUTION, ETC.
Place of publication, distribution, etc. New York
Name of publisher, distributor, etc. Springer
Date of publication, distribution, etc. 2007
300 ## - PHYSICAL DESCRIPTION
Extent xxiii, 619p.
490 ## - SERIES STATEMENT
Series statement Astrophysics and space science library; v. 326
650 ## - SUBJECT ADDED ENTRY--TOPICAL TERM
Topical term or geographic name entry element Neutron stars
9 (RLIN) 7729
650 ## - SUBJECT ADDED ENTRY--TOPICAL TERM
Topical term or geographic name entry element Stars and stellar systems
9 (RLIN) 10861
650 ## - SUBJECT ADDED ENTRY--TOPICAL TERM
Topical term or geographic name entry element Supernovae
700 ## - ADDED ENTRY--PERSONAL NAME
Personal name Haensel, P., ed.
9 (RLIN) 30321
700 ## - ADDED ENTRY--PERSONAL NAME
Personal name Potekhin, A. Y., ed.
9 (RLIN) 30322
700 ## - ADDED ENTRY--PERSONAL NAME
Personal name Yakovlev, D. G., ed.
9 (RLIN) 30323
942 ## - ADDED ENTRY ELEMENTS (KOHA)
Koha item type Books
Holdings
Withdrawn status Lost status Damaged status Not for loan Home library Current library Shelving location Date acquired Source of acquisition Cost, normal purchase price Total Checkouts Full call number Barcode Date last seen Cost, replacement price Price effective from Koha item type Purchase Price
        IIA Library-Bangalore IIA Library-Bangalore General Stacks 21/12/2006 PBPL 6817.68   52(082.1)/ ASS-326 17289 05/11/2021 6817.68 21/12/2006 Books Rs. 6817.68

Powered by Koha